00571 2200217 4500001002100000005001700021008004100038020001800079035002400097040001200121082001000133090001700143100002000160245005900180250001000239260003200249300002900281650001600310850001200326990001500338YOGYA-0209000001918520090227022943.0 ind  a979-518-595-0 0010-020900000019185 aYOPDYOG a615.9 a615.9bPal P aPALAR, Heryando aPencermaan dan toksikalogi logam beratcHeryando Palar aCet.1 aJakartabRineka Ciptac1994 aix, 152 hlmbilusc21 cm aToksikologi aYOPDYOG a01P0001041